Представление документа в формате MARC21

Поле Инд. ПП Название Значение
Тип записи a
Библиографический уровень b
001 Контрольный номер RU/IS/BASE/130355133
005 Дата корректировки 20220414145414.9
084 a Индекс другой классификации/Индекс ББК 65.305.142(0)
a Индекс другой классификации/Индекс ББК 65.305.142(2Рос)
097 00 a 750
b Оператор Спаскова_Н_О
100 10 a Автор Королькова Е. И.
245 00 a Заглавие Естественная монополия: регулирование и конкуренция
n Номер части/ раздела Лекция 3
p Название части/ раздела Электроэнергетика: регулирование и конкуренция
500 a Примечание Продолжение следует
504 00 a Библиография Лит. - Примеч.
520 00 a Аннотация В лекции 3 на примере электроэнергетики автор показывает как разворачивается реформа регулирования в различных странах, как меняется традиционный облик данного сектора, какие модели и механизмы положены в основу идущей трансформации, какие проблемы осложняют реформирование.
650 a Основная рубрика экономика
a Основная рубрика электроэнергетика
653 00 a Ключевые слова Великобритания
a Ключевые слова Германия
a Ключевые слова Греция
a Ключевые слова Дания
a Ключевые слова Европа
a Ключевые слова Европейский союз (ЕС)
a Ключевые слова естественные монополии
a Ключевые слова история электроэнергетики
a Ключевые слова конкуренция
a Ключевые слова модели развития электроэнергетики
a Ключевые слова модель доступа к сети
a Ключевые слова модель конкурентного пула
a Ключевые слова монополии
a Ключевые слова промышленность
a Ключевые слова реформирование электроэнергетики
a Ключевые слова Россия
a Ключевые слова торговля электроэнергией
a Ключевые слова Финляндия
a Ключевые слова цены на электроэнергию
a Ключевые слова Швеция
a Ключевые слова электрические пулы
a Ключевые слова электроэнергия
773 00 t Заглавие источника Экономический журнал ВШЭ
d Дата издания источника 2000
g Прочая информация Т. 4, № 4. - С. 528 - 551
w Контрольный № источника RU/IS/BASE/140885831
901 t Тип документа b